Free and Imperial Cities -with a map - Statistics

General Stats
  • This quiz has been taken 91 times
  • The average score is 28 of 96
Answers on the Map
Answers color-coded by a green-red scale on the quiz's map according to % correct below.
 
Answer Stats
City Free city until: % Correct
Hamburg 1806
90%
Bremen 1806
89%
Köln | Cologne 1794
86%
Straßburg | Strasbourg 1681
86%
Zürich 1648
83%
Frankfurt am Main 1806
82%
Lübeck 1806
78%
Aachen | Aix-la-Chapelle 1794
77%
Basel | Basle 1648
77%
Bern | Berne 1648
76%
Augsburg 1805
71%
Freiburg im Üechtland 1648
70%
Nürnberg | Nuremberg 1806
69%
Ulm 1803
67%
Dortmund 1803
63%
Metz 1648
63%
Regensburg 1803
61%
Konstanz | Constance 1548
58%
Luzern | Lucerne 1648
57%
Mülhausen | Mulhouse 1648
53%
Worms 1792
43%
Duisburg 1290
41%
Zug 1648
41%
Münster im Gregorienthal 1648/97
40%
Schaffhausen 1648
40%
Schwäbisch Hall 1803
40%
Bisanz | Besançon 1664
37%
Colmar 1648/97
36%
Speyer | Spires 1792
36%
St. Gallen | St. Gall 1648
36%
Wirten | Verdun 1648
31%
Esslingen am Neckar 1803
30%
Memmingen 1803
29%
Ravensburg 1803
29%
Solothurn 1648
29%
Heilbronn 1803
28%
Kaiserslautern 1313/14
28%
Lindau 1803
28%
Reutlingen 1803
27%
Goslar 1803
25%
Offenburg 1803
25%
Kempten 1803
24%
Nimwegen | Nijmegen 1247
24%
Rothenburg ob der Tauber 1803
23%
Winterthur 1442
22%
Hagenau | Haguenau 1648/97
19%
Mühlhausen 1803
19%
Aalen 1803
18%
Buchhorn | Friedrichshafen 1803
18%
Düren 1241
18%
Nördlingen 1803
18%
Tull | Toul 1648
18%
Verden an der Aller 1648
18%
Weißenburg im Nordgau 1803
18%
Weißenburg | Wissembourg 1648/97
18%
Schlettstadt | Sélestat 1648/97
17%
Weil der Stadt 1803
17%
Nordhausen 1803
16%
Donauwörth 1607
14%
Rottweil 1803
14%
Schwäbisch Gmünd 1803
14%
Wangen im Allgäu 1803
14%
Wetzlar 1803
14%
Landau in der Pfalz 1648/97
13%
Überlingen 1803
13%
Biberach an der Riß 1803
12%
Gelnhausen 1803
12%
Gengenbach 1803
12%
Kaisersberg | Kaysersberg 1648/97
12%
Kaufbeuren 1803
12%
Oberehnheim | Obernai 1648/97
12%
Schweinfurt 1803
12%
Wimpfen 1803
11%
Dinkelsbühl 1803
10%
Herford 1652
10%
Isny 1803
10%
Rheinfelden 1330
10%
Bopfingen 1803
8%
Boppard 1309
8%
Buchau 1803
8%
Friedberg in der Wetterau 1803
8%
Leutkirch 1803
8%
Türkheim | Turckheim 1648/97
8%
Pfullendorf 1803
7%
Windsheim 1803
7%
Giengen an der Brenz 1803
6%
Kaiserswerth 1273
6%
Neuenburg am Rhein 1311
6%
Neumarkt in der Oberpfalz 1268
6%
Oppenheim 1398
6%
Zell am Harmersbach 1803
6%
Feuchtwangen 1803
5%
Rosheim 1648/97
5%
Endingen am Kaiserstuhl 1428
4%
Markgröningen 1336
2%
Weinsberg 1417
2%
No matching quizzes found
Score Distribution
Percent of People with Each Score
Percentile by Number Answered
Your Score History
You have not taken this quiz